Sur les traces de Champollion /

محفوظ في:

المؤلف الرئيسي: Faure, Alain (مؤلف)

مؤلفون آخرون: Chappaz, Sylvie.

التنسيق: كتاب

اللغة: French

منشور في: Gémenos : Autres Temps, c2012.

سلاسل: Temps romanesque.

الموضوعات:

الوسوم: إضافة وسم

لا توجد وسوم, كن أول من يضع وسما على هذه التسجيلة!

رقم الطلب: PJ1064 .C6 F388 2012

LEADER 00945nam a22002777a 4500
003 OSt
005 20251013110130.0
008 251013t2012 fr a g 000 0bfre d
010 |a 2013384459 
020 |a 9782845214460 
040 |c ARCE Library 
043 |a e-fr---  |a e-it---  |a f-ua--- 
050 1 4 |a PJ1064 .C6  |b F388 2012 
100 1 |a Faure, Alain,  |e author 
245 1 0 |a Sur les traces de Champollion /   |c Alain Faure, Sylvie Chappaz. 
264 1 |a Gémenos :   |b Autres Temps,   |c c2012. 
300 |a 245 pages :   |b ill. (chiefly col.) ;   |c 22 cm. 
490 0 |a Temps romanesque. 
600 1 0 |a Champollion, Jean-Franc̥ois,  |d 1790-1832  |x Homes and haunts  |z France. 
600 1 0 |a Champollion, Jean-Franc̥ois,  |d 1790-1832  |x Travel  |z Italy. 
600 1 0 |a Champollion, Jean-Franc̥ois,  |d 1790-1832  |x Travel  |z Egypt. 
650 0 |a Egyptologists  |z France  |v Biography. 
700 1 |a Chappaz, Sylvie. 
901 |a reviewed 
942 |c BK  |2 lcc 
999 |c 21053  |d 21053